00467nam a2200169Ia 450000500170000000800410001704000190005804100120007708200150008910000210010424500520012526000380017730000160021544000280023165000280025985000100028720230912151250.0131103s9999 xx 000 0 und d aLoreto College aEnglish a232.9bOUR aOursler, Fulton  4aThe Greatest story ever toldcby Fulton Oursler aKingswoodbThe World's Workc1913 axiii,365p.  aA Cedar Special; No. 50 aChristianity - religion aLCLIB